Statistics for Most Populous European Metropolitan Areas

Click here to take the quiz!

General Stats

  • This quiz has been taken 246 times
    (121 since last reset)
  • The average score is 21 of 25

Answer Stats

PopulationAnswer% Correct
14.80 millionLondon
98%
17.30 millionMoscow
98%
11.40 millionParis
98%
16.00 millionIstanbul
95%
6.55 millionMadrid
94%
3.58 millionRome
94%
5.19 millionBarcelona
93%
6.20 millionMilan
93%
4.73 millionBerlin
90%
3.35 millionAthens
88%
5.65 millionSaint Petersburg
87%
2.38 millionWarsaw
86%
3.48 millionKyiv
84%
3.35 millionManchester
83%
2.48 millionLisbon
82%
4.23 millionNaples
82%
3.15 millionBirmingham
81%
2.48 millionAmsterdam
80%
2.70 millionBrussels
76%
2.63 millionBudapest
76%
5.70 millionRuhr
74%
3.25 millionFrankfurt
71%
3.25 millionRotterdam
65%
5.00 millionRhein Süd
57%
2.40 millionStuttgart
40%

Score Distribution

Percentile by Number Answered

Percent of People with Each Score

Your Score History

You have not taken this quiz since the last reset